000 00480cam a2200193ua 4500
001 5242
008 150128n ii |||gr||||Z||||||eng
020 _a978-81-7596-583-6
040 _cMAIN
041 _aeng
082 _a821
100 _aDanta, Bijay K.,
_eEditor,
245 _aMusings :
_ban anthology of poems /
_cby Bijay K. Danta .
250 _a1st.
260 _aDelhi:
_bFoundation books,
_c2008.
300 _a85p:
_c23p.
653 _aEnglish poetry
942 _cBK
999 _c4424
_d4424